02326cam a22004218i 450000100190000000500170001900800410003601500190007701600180009602000180011403500220013203500420015404000600019604100080025605000250026410000300028924500280031924600150034726000360036230000240039849000310042250000130045352005720046652003740103865000280141265000330144065000440147365000430151765000260156065000380158665000470162465100490167165500270172065500300174794200080177795201040178599900150188999100941886890515920250625112812.0211201s2022 enk 000 f eng d aGBC2177022bnb7 a0204808282Uk a9780241542620 a(OCoLC)1308718996 a(EXLNZ-01OCUL_NETWORK)994470270705151 aUKMGBbengerdacUKMGBdOCLCFdALAULdOCLdOCLCOdOCLCL aeng 4aPS3607.Y37bH66 2022 aGyasi, Yaaeauthor92556110aHomegoingc/ Yaa Gyasi.3 aHome going aLondon :bPenguin Books,c2022. a128 pages ;c20 cm. aPenguin readers ;vLevel 7 aLevel 7. aEffia and Esi: two sisters with two very different destinies. One sold into slavery; one a slave trader's wife. The consequences of their fate reverberate through the generations that follow. Taking us from the Gold Coast of Africa to the cotton-picking plantations of Mississippi; from the missionary schools of Ghana to the dive bars of Harlem, spanning three continents and seven generations, Yaa Gyasi has written a miraculous novel - the intimate, gripping story of a brilliantly vivid cast of characters and through their lives the very story of America itself. aWith carefully adapted text, new illustrations, language practise activities and additional online resources, the Penguin Readers series introduces language learners to bestselling authors and compelling content. Titles include popular classics, exciting contemporary fiction, and thought-provoking non-fiction. Yaa Gyasi, a Level 7 Reader, is B2 in the CEFR framework. 0aSistersvFiction922940 0aWomen, BlackvFiction925563 0aSlaveryzUnited States vFiction925564 0aIntermarriagezEnglandvFiction925565 0aWomenzGhanavFiction 0aArranged marriagevFiction925566 0aAfrican AmericansxHistoryvFiction925567 0aGhanaxHistoryy18th centuryvFiction925568 0aReaders (Adult)922484 0aHistorical fiction922722 2lcc 00102lcc4070aTBSbTBSd2025-06-25l0oREADER-EN GYApB07575r2025-06-25t1w2025-06-25yENGLISH c4789d4789